000 00459nam a2200145 i 4500
001 182280
003 ES-MaACL
005 20230906221554.0
008 130730q19501970sp |||| | spa d
245 0 0 _aPicaduras y mordeduras de algunos animales venenosos
_b: su tratamiento con "Calcium-Sandoz".
260 _aMadrid :
_bSandoz,
_c[195-?]
300 _a51 p. :
_bil. ;
_c22 cm.
650 4 _aMordeduras y picaduras.
_9153116
852 _aES-MaACL
_j2316-F-28
999 _c182280
_d182280